|
|
|
|
| LEADER |
00000cam a2200000 7i4500 |
| 001 |
0000012260 |
| 005 |
20071210.0 |
| 008 |
071210 |
| 020 |
|
|
|a 983295021X
|
| 090 |
0 |
0 |
|a 297.2
|b NIK
|
| 100 |
0 |
|
|a Nik Salida Suhaila Nik Saleh
|
| 245 |
1 |
0 |
|a Islam hadhari :
|b rakyat berjiwa merdeka
|c Nik Salida Suhaila Nik Saleh
|
| 260 |
|
|
|a Negeri Sembilan :
|b Kolej Universiti Islam Malaysia ,
|c 2006
|
| 650 |
|
0 |
|a Civilization, Islamic
|
| 650 |
|
0 |
|a Islam and state
|z Malaysia
|
| 650 |
|
0 |
|a Islam
|x Doctrines
|
| 650 |
|
0 |
|a Malay fiction
|
| 650 |
|
0 |
|a Religious life
|x Islam
|
| 710 |
0 |
|
|a Title
|
| 999 |
|
|
|a 0001006170
|b Book
|c Adult Collection
|e Perbadanan Perpustakaan Awam Johor
|
| 999 |
|
|
|a 0001006171
|b Book
|c Adult Collection
|e Perbadanan Perpustakaan Awam Johor
|
| 999 |
|
|
|a 0001006172
|b Book
|c Adult Collection
|e Perbadanan Perpustakaan Awam Johor
|